| 000 | 00355nam a22001217a 4500 | ||
|---|---|---|---|
| 082 | _a220 PRO | ||
| 100 |
_aHASSAN,UZAIR,SHAHZAIB,RIZWAN _971584 |
||
| 245 | _aPR-SOF-1339-SOLAR GRID TIED INVERTER WITH MPPT CONTROL | ||
| 260 |
_aISLAMABAD _bNUST COLLEGE OF EME _c2010 |
||
| 650 |
_aDE-ELECT-32 _971585 |
||
| 700 |
_aDR HAMOOD UR REAHMAN _971586 |
||
| 942 | _cCR | ||
| 999 |
_c578023 _d578023 |
||